000 00333cam a22001217a 4500
008 180718b1950 xxu||||| |||| 00| 0 eng d
082 _aG93x42 Os8
100 _aO'Sullivan, Richard
245 _aInheritance of the common law
_cby Richard O'Sullivan
260 _aLondon
_bStevens
_c1950
300 _aviii, 118p
650 _aCommon law
999 _c427281
_d427281